Toxicologie médicale professionnelle et environnementale (Record no. 51836)
[ view plain ]
| 000 -LEADER | |
|---|---|
| fixed length control field | 00575nam a22001697a 4500 |
| 008 - FIXED-LENGTH DATA ELEMENTS--GENERAL INFORMATION | |
| fixed length control field | 130710t xxu||||| |||| 00| 0 eng d |
| 040 ## - CATALOGING SOURCE | |
| Original cataloging agency | BUAC |
| Transcribing agency | CDIRSP |
| 041 ## - LANGUAGE CODE | |
| Language code of text/sound track or separate title | Fr |
| 100 ## - MAIN ENTRY--PERSONAL NAME | |
| Titles and other words associated with a name | Testud F |
| 9 (RLIN) | 25365 |
| 245 ## - TITLE STATEMENT | |
| Title | Toxicologie médicale professionnelle et environnementale |
| Statement of responsibility, etc | / F Testud |
| 260 ## - PUBLICATION, DISTRIBUTION, ETC. (IMPRINT) | |
| Place of publication, distribution, etc | Paris : |
| Name of publisher, distributor, etc | EDITIONS ESKA, |
| Date of publication, distribution, etc | 2012 |
| 300 ## - PHYSICAL DESCRIPTION | |
| Extent | 814 p. |
| 500 ## - GENERAL NOTE | |
| General note | Compr. Annexe et index |
| 650 ## - SUBJECT ADDED ENTRY--TOPICAL TERM | |
| Topical term or geographic name as entry element | Toxicologie médicale |
| 9 (RLIN) | 25366 |
| 653 ## - INDEX TERM--UNCONTROLLED | |
| Uncontrolled term | Toxicologie professionnelle |
| -- | Médecine du travail |
| -- | Intoxication environnementale |
| -- | Evaluation, risque |
| 942 ## - ADDED ENTRY ELEMENTS (KOHA) | |
| Item type | Livre |
| Withdrawn status | Lost status | Damaged status | Not for loan | Location (home branch) | Sublocation or collection (holding branch) | Date acquired | Source of acquisition | Koha issues (times borrowed) | Piece designation (barcode) | Koha date last seen | Copy number | Price effective from | Koha item type | Public note |
|---|---|---|---|---|---|---|---|---|---|---|---|---|---|---|
| Centre de Documentation et d'Information de l'Institut Regional Santé Publique | Centre de Documentation et d'Information de l'Institut Regional Santé Publique | 11/07/2013 | Achat | 6054CDIRSP | 11/07/2013 | 1 | 11/07/2013 | Livre | Exclu du prêt |